00825nam a2200265 4500003000400000005001700004008004100021020001500062020002700077040001800104050002000122100002100142245008800163264004100251300002500292336002200317337002400339338002400363650003800387650003200425650003300457700004000490942001200530999001700542OSt20260530115308.0260506b1990 enka|||| |||| 00| 0 eng d a0877017816 a0877017913 (rústica) aICIbspacICI4 aNK844bS38 19901 aSayer, Chloë, 10aArts and crafts of Mexico / cChloë Sayer ; special photography by David Lavender 1bChronicle, cc1990a San Francisco : a160 páginasc25cm. atexto2rdacontent asin medio2rdamedia avolumen2rdacarrier4 aArtes decorativaszMéxico935324 aArte popularzMéxico98824 aArtesaníaszMéxico939761 aLavender, David,eilustrador932428 2lcccBK c13219d13219